<?xml version="1.0" encoding="UTF-8"?>
<record
    xmlns:xsi="http://www.w3.org/2001/XMLSchema-instance"
    xsi:schemaLocation="http://www.loc.gov/MARC21/slim http://www.loc.gov/standards/marcxml/schema/MARC21slim.xsd"
    xmlns="http://www.loc.gov/MARC21/slim">

  <leader>00374nam a2200157Ia 4500</leader>
  <controlfield tag="008">230711s9999||||xx |||||||||||||| ||und||</controlfield>
  <datafield tag="041" ind1=" " ind2=" ">
    <subfield code="a">ENG</subfield>
  </datafield>
  <datafield tag="082" ind1=" " ind2=" ">
    <subfield code="a">510</subfield>
    <subfield code="b">SA-A</subfield>
  </datafield>
  <datafield tag="100" ind1=" " ind2=" ">
    <subfield code="a">Sabharwal,S S</subfield>
  </datafield>
  <datafield tag="245" ind1=" " ind2="0">
    <subfield code="a">Applied Mathematics-I</subfield>
  </datafield>
  <datafield tag="250" ind1=" " ind2=" ">
    <subfield code="a">8th Ed.</subfield>
  </datafield>
  <datafield tag="260" ind1=" " ind2=" ">
    <subfield code="c">2017</subfield>
    <subfield code="a">Jalandhar</subfield>
    <subfield code="b">Eagles Prakashan Regd</subfield>
  </datafield>
  <datafield tag="650" ind1=" " ind2=" ">
    <subfield code="a">Mathematics</subfield>
  </datafield>
  <datafield tag="700" ind1=" " ind2=" ">
    <subfield code="a">Sunita,Jain</subfield>
  </datafield>
  <datafield tag="942" ind1=" " ind2=" ">
    <subfield code="c">BK</subfield>
  </datafield>
  <datafield tag="952" ind1=" " ind2=" ">
    <subfield code="0">0</subfield>
    <subfield code="1">0</subfield>
    <subfield code="4">0</subfield>
    <subfield code="7">0</subfield>
    <subfield code="8">C</subfield>
    <subfield code="a">MCL</subfield>
    <subfield code="b">MCL</subfield>
    <subfield code="d">0000-00-00</subfield>
    <subfield code="g">278.00</subfield>
    <subfield code="l">0</subfield>
    <subfield code="o">510 SA-A</subfield>
    <subfield code="p">PW662</subfield>
    <subfield code="r">2023-08-17 14:06:42</subfield>
    <subfield code="w">2023-08-17</subfield>
    <subfield code="y">BK</subfield>
  </datafield>
  <datafield tag="952" ind1=" " ind2=" ">
    <subfield code="0">0</subfield>
    <subfield code="1">0</subfield>
    <subfield code="4">0</subfield>
    <subfield code="7">0</subfield>
    <subfield code="8">C</subfield>
    <subfield code="a">MCL</subfield>
    <subfield code="b">MCL</subfield>
    <subfield code="d">0000-00-00</subfield>
    <subfield code="g">278.00</subfield>
    <subfield code="l">0</subfield>
    <subfield code="o">510 SA-A</subfield>
    <subfield code="p">PW320</subfield>
    <subfield code="r">2023-08-17 15:01:19</subfield>
    <subfield code="w">2023-08-17</subfield>
    <subfield code="y">BK</subfield>
  </datafield>
  <datafield tag="952" ind1=" " ind2=" ">
    <subfield code="0">0</subfield>
    <subfield code="1">0</subfield>
    <subfield code="4">0</subfield>
    <subfield code="7">0</subfield>
    <subfield code="8">C</subfield>
    <subfield code="a">MCL</subfield>
    <subfield code="b">MCL</subfield>
    <subfield code="d">0000-00-00</subfield>
    <subfield code="g">278.00</subfield>
    <subfield code="l">0</subfield>
    <subfield code="o">510 SA-A</subfield>
    <subfield code="p">PW321</subfield>
    <subfield code="r">2023-08-17 15:01:19</subfield>
    <subfield code="w">2023-08-17</subfield>
    <subfield code="y">BK</subfield>
  </datafield>
  <datafield tag="952" ind1=" " ind2=" ">
    <subfield code="0">0</subfield>
    <subfield code="1">0</subfield>
    <subfield code="4">0</subfield>
    <subfield code="7">0</subfield>
    <subfield code="8">C</subfield>
    <subfield code="a">MCL</subfield>
    <subfield code="b">MCL</subfield>
    <subfield code="d">0000-00-00</subfield>
    <subfield code="g">278.00</subfield>
    <subfield code="l">2</subfield>
    <subfield code="o">510 SA-A</subfield>
    <subfield code="p">PW322</subfield>
    <subfield code="r">2026-04-29 10:32:37</subfield>
    <subfield code="s">2025-09-15</subfield>
    <subfield code="w">2023-08-17</subfield>
    <subfield code="y">BK</subfield>
  </datafield>
  <datafield tag="952" ind1=" " ind2=" ">
    <subfield code="0">0</subfield>
    <subfield code="1">0</subfield>
    <subfield code="4">0</subfield>
    <subfield code="7">0</subfield>
    <subfield code="8">C</subfield>
    <subfield code="a">MCL</subfield>
    <subfield code="b">MCL</subfield>
    <subfield code="d">0000-00-00</subfield>
    <subfield code="g">278.00</subfield>
    <subfield code="l">0</subfield>
    <subfield code="o">510 SA-A</subfield>
    <subfield code="p">PW323</subfield>
    <subfield code="r">2023-08-17 15:01:19</subfield>
    <subfield code="w">2023-08-17</subfield>
    <subfield code="y">BK</subfield>
  </datafield>
  <datafield tag="952" ind1=" " ind2=" ">
    <subfield code="0">0</subfield>
    <subfield code="1">0</subfield>
    <subfield code="4">0</subfield>
    <subfield code="7">0</subfield>
    <subfield code="8">C</subfield>
    <subfield code="a">MCL</subfield>
    <subfield code="b">MCL</subfield>
    <subfield code="d">0000-00-00</subfield>
    <subfield code="g">278.00</subfield>
    <subfield code="l">0</subfield>
    <subfield code="o">510 SA-A</subfield>
    <subfield code="p">PW324</subfield>
    <subfield code="r">2023-08-17 15:01:19</subfield>
    <subfield code="w">2023-08-17</subfield>
    <subfield code="y">BK</subfield>
  </datafield>
  <datafield tag="952" ind1=" " ind2=" ">
    <subfield code="0">0</subfield>
    <subfield code="1">0</subfield>
    <subfield code="4">0</subfield>
    <subfield code="7">0</subfield>
    <subfield code="8">C</subfield>
    <subfield code="a">MCL</subfield>
    <subfield code="b">MCL</subfield>
    <subfield code="d">0000-00-00</subfield>
    <subfield code="g">278.00</subfield>
    <subfield code="l">0</subfield>
    <subfield code="o">510 SA-A</subfield>
    <subfield code="p">PW325</subfield>
    <subfield code="r">2023-08-17 15:01:19</subfield>
    <subfield code="w">2023-08-17</subfield>
    <subfield code="y">BK</subfield>
  </datafield>
  <datafield tag="952" ind1=" " ind2=" ">
    <subfield code="0">0</subfield>
    <subfield code="1">0</subfield>
    <subfield code="4">0</subfield>
    <subfield code="7">0</subfield>
    <subfield code="8">C</subfield>
    <subfield code="a">MCL</subfield>
    <subfield code="b">MCL</subfield>
    <subfield code="d">0000-00-00</subfield>
    <subfield code="g">278.00</subfield>
    <subfield code="l">0</subfield>
    <subfield code="o">510 SA-A</subfield>
    <subfield code="p">PW326</subfield>
    <subfield code="r">2023-08-17 15:01:19</subfield>
    <subfield code="w">2023-08-17</subfield>
    <subfield code="y">BK</subfield>
  </datafield>
  <datafield tag="952" ind1=" " ind2=" ">
    <subfield code="0">0</subfield>
    <subfield code="1">0</subfield>
    <subfield code="4">0</subfield>
    <subfield code="7">0</subfield>
    <subfield code="8">C</subfield>
    <subfield code="a">MCL</subfield>
    <subfield code="b">MCL</subfield>
    <subfield code="d">0000-00-00</subfield>
    <subfield code="g">278.00</subfield>
    <subfield code="l">0</subfield>
    <subfield code="o">510 SA-A</subfield>
    <subfield code="p">PW327</subfield>
    <subfield code="r">2023-08-17 15:01:19</subfield>
    <subfield code="w">2023-08-17</subfield>
    <subfield code="y">BK</subfield>
  </datafield>
  <datafield tag="952" ind1=" " ind2=" ">
    <subfield code="0">0</subfield>
    <subfield code="1">0</subfield>
    <subfield code="4">0</subfield>
    <subfield code="7">0</subfield>
    <subfield code="8">C</subfield>
    <subfield code="a">MCL</subfield>
    <subfield code="b">MCL</subfield>
    <subfield code="d">0000-00-00</subfield>
    <subfield code="g">278.00</subfield>
    <subfield code="l">0</subfield>
    <subfield code="o">510 SA-A</subfield>
    <subfield code="p">PW328</subfield>
    <subfield code="r">2023-08-17 15:01:19</subfield>
    <subfield code="w">2023-08-17</subfield>
    <subfield code="y">BK</subfield>
  </datafield>
  <datafield tag="952" ind1=" " ind2=" ">
    <subfield code="0">0</subfield>
    <subfield code="1">0</subfield>
    <subfield code="4">0</subfield>
    <subfield code="7">0</subfield>
    <subfield code="8">C</subfield>
    <subfield code="a">MCL</subfield>
    <subfield code="b">MCL</subfield>
    <subfield code="d">0000-00-00</subfield>
    <subfield code="g">278.00</subfield>
    <subfield code="l">0</subfield>
    <subfield code="o">510 SA-A</subfield>
    <subfield code="p">PW663</subfield>
    <subfield code="r">2023-08-17 15:01:30</subfield>
    <subfield code="w">2023-08-17</subfield>
    <subfield code="y">BK</subfield>
  </datafield>
  <datafield tag="952" ind1=" " ind2=" ">
    <subfield code="0">0</subfield>
    <subfield code="1">0</subfield>
    <subfield code="4">0</subfield>
    <subfield code="7">0</subfield>
    <subfield code="8">C</subfield>
    <subfield code="a">MCL</subfield>
    <subfield code="b">MCL</subfield>
    <subfield code="d">0000-00-00</subfield>
    <subfield code="g">278.00</subfield>
    <subfield code="l">0</subfield>
    <subfield code="o">510 SA-A</subfield>
    <subfield code="p">PW664</subfield>
    <subfield code="r">2023-08-17 15:01:30</subfield>
    <subfield code="w">2023-08-17</subfield>
    <subfield code="y">BK</subfield>
  </datafield>
  <datafield tag="952" ind1=" " ind2=" ">
    <subfield code="0">0</subfield>
    <subfield code="1">0</subfield>
    <subfield code="4">0</subfield>
    <subfield code="7">0</subfield>
    <subfield code="8">C</subfield>
    <subfield code="a">MCL</subfield>
    <subfield code="b">MCL</subfield>
    <subfield code="d">0000-00-00</subfield>
    <subfield code="g">278.00</subfield>
    <subfield code="l">0</subfield>
    <subfield code="o">510 SA-A</subfield>
    <subfield code="p">PW665</subfield>
    <subfield code="r">2023-08-17 15:01:30</subfield>
    <subfield code="w">2023-08-17</subfield>
    <subfield code="y">BK</subfield>
  </datafield>
  <datafield tag="952" ind1=" " ind2=" ">
    <subfield code="0">0</subfield>
    <subfield code="1">0</subfield>
    <subfield code="4">0</subfield>
    <subfield code="7">0</subfield>
    <subfield code="8">C</subfield>
    <subfield code="a">MCL</subfield>
    <subfield code="b">MCL</subfield>
    <subfield code="d">0000-00-00</subfield>
    <subfield code="g">278.00</subfield>
    <subfield code="l">0</subfield>
    <subfield code="o">510 SA-A</subfield>
    <subfield code="p">PW666</subfield>
    <subfield code="r">2023-08-17 15:01:30</subfield>
    <subfield code="w">2023-08-17</subfield>
    <subfield code="y">BK</subfield>
  </datafield>
  <datafield tag="952" ind1=" " ind2=" ">
    <subfield code="0">0</subfield>
    <subfield code="1">0</subfield>
    <subfield code="4">0</subfield>
    <subfield code="7">0</subfield>
    <subfield code="8">C</subfield>
    <subfield code="a">MCL</subfield>
    <subfield code="b">MCL</subfield>
    <subfield code="d">0000-00-00</subfield>
    <subfield code="g">278.00</subfield>
    <subfield code="l">0</subfield>
    <subfield code="o">510 SA-A</subfield>
    <subfield code="p">PW667</subfield>
    <subfield code="r">2023-08-17 15:01:30</subfield>
    <subfield code="w">2023-08-17</subfield>
    <subfield code="y">BK</subfield>
  </datafield>
  <datafield tag="952" ind1=" " ind2=" ">
    <subfield code="0">0</subfield>
    <subfield code="1">0</subfield>
    <subfield code="4">0</subfield>
    <subfield code="7">0</subfield>
    <subfield code="8">C</subfield>
    <subfield code="a">MCL</subfield>
    <subfield code="b">MCL</subfield>
    <subfield code="d">0000-00-00</subfield>
    <subfield code="g">278.00</subfield>
    <subfield code="l">0</subfield>
    <subfield code="o">510 SA-A</subfield>
    <subfield code="p">PW668</subfield>
    <subfield code="r">2023-08-17 15:01:30</subfield>
    <subfield code="w">2023-08-17</subfield>
    <subfield code="y">BK</subfield>
  </datafield>
  <datafield tag="952" ind1=" " ind2=" ">
    <subfield code="0">0</subfield>
    <subfield code="1">0</subfield>
    <subfield code="4">0</subfield>
    <subfield code="7">0</subfield>
    <subfield code="8">C</subfield>
    <subfield code="a">MCL</subfield>
    <subfield code="b">MCL</subfield>
    <subfield code="d">0000-00-00</subfield>
    <subfield code="g">278.00</subfield>
    <subfield code="l">0</subfield>
    <subfield code="o">510 SA-A</subfield>
    <subfield code="p">PW669</subfield>
    <subfield code="r">2023-08-17 15:01:30</subfield>
    <subfield code="w">2023-08-17</subfield>
    <subfield code="y">BK</subfield>
  </datafield>
  <datafield tag="952" ind1=" " ind2=" ">
    <subfield code="0">0</subfield>
    <subfield code="1">0</subfield>
    <subfield code="4">0</subfield>
    <subfield code="7">0</subfield>
    <subfield code="8">C</subfield>
    <subfield code="a">MCL</subfield>
    <subfield code="b">MCL</subfield>
    <subfield code="d">0000-00-00</subfield>
    <subfield code="g">278.00</subfield>
    <subfield code="l">0</subfield>
    <subfield code="o">510 SA-A</subfield>
    <subfield code="p">PW670</subfield>
    <subfield code="r">2023-08-17 15:01:30</subfield>
    <subfield code="w">2023-08-17</subfield>
    <subfield code="y">BK</subfield>
  </datafield>
  <datafield tag="952" ind1=" " ind2=" ">
    <subfield code="0">0</subfield>
    <subfield code="1">0</subfield>
    <subfield code="4">0</subfield>
    <subfield code="7">0</subfield>
    <subfield code="8">C</subfield>
    <subfield code="a">MCL</subfield>
    <subfield code="b">MCL</subfield>
    <subfield code="d">0000-00-00</subfield>
    <subfield code="g">278.00</subfield>
    <subfield code="l">0</subfield>
    <subfield code="o">510 SA-A</subfield>
    <subfield code="p">PW671</subfield>
    <subfield code="r">2023-08-17 15:01:30</subfield>
    <subfield code="w">2023-08-17</subfield>
    <subfield code="y">BK</subfield>
  </datafield>
  <datafield tag="999" ind1=" " ind2=" ">
    <subfield code="c">7695</subfield>
    <subfield code="d">7695</subfield>
  </datafield>
</record>
